The Last Word: Movie Genres III Quiz Stats

 Plays Quiz Updated May 1, 2018

Challenge
Share
Tweet
Embed
Score 0/36 Timer 04:00
6 Plays Today
Hint Answer % Correct
ComedyDumber
97.5%
Sci-FiRunner
95.1%
CrimeMen
94.2%
AnimationRalph
92.3%
SportsBull
91.3%
SportsDreams
91.1%
FamilyStory
89.8%
HorrorActivity
88.6%
Sci-FiElement
88.1%
HorrorBaby
87.9%
WarRidge
87.7%
WesternEight
86.9%
FamilyZoo
85.2%
BiographyMind
84.5%
RomanceMaybe
83.5%
WesternGrit
81.1%
CrimeRiver
79%
WarFathers
79%
Hint Answer % Correct
WesternYuma
77.7%
BiographyTitans
77.5%
RomanceSleeping
76.7%
ComedyHall
75.3%
WarSun
75%
BiographyFoot
74.9%
RomanceDresses
73.2%
MusicalGoes
71.7%
MusicalBirdie
68.7%
MusicalLine
66.1%
HorrorFace
65.1%
CrimeViolence
56.6%
FamilyTerabithia
54.7%
SportsMarshall
53.1%
ComedySoup
51.4%
AnimationCastle
45%
Sci-FiPlanet
41.1%
AnimationStrings
35%

You're not logged in!

Compare scores with friends on all Sporcle quizzes.
OR
Log In

You Might Also Like...

Show Comments

Extras

Top Quizzes Today


Score Distribution

Your Account Isn't Verified!

In order to create a playlist on Sporcle, you need to verify the email address you used during registration. Go to your Sporcle Settings to finish the process.

Report this User

Report this user for behavior that violates our Community Guidelines.

Details: